| 000 | 00975nam a22002055i 4500 | ||
|---|---|---|---|
| 001 | 158900 | ||
| 003 | ES-MaACL | ||
| 005 | 20260201131938.0 | ||
| 008 | 020716s1879 sp |||| | spa d | ||
| 040 |
_aCCPB | B _bspa _cCCPB | B |
||
| 100 | 1 |
_aMartín de Pedro, Ecequiel. _9129558 |
|
| 245 | 1 | 0 |
_aEstudios de teratología con motivo de un extraordinario caso de monstruo triple / _cpor Ecequiel Martín de Pedro. |
| 260 |
_aMadrid : _b[s.n.], _c1879 ( _foficina tipográfica del Hospicio) |
||
| 300 |
_a69 p., [6] h. pleg. ; _c20 cm. |
||
| 490 | 1 | _aBiblioteca de la Revista Especial de Oftalmología, Sifilografía, Dermatología y Afecciones Urinarias | |
| 650 | 4 |
_aMalformaciones congénitas. _9151409 |
|
| 830 | 0 |
_aBiblioteca de la Revista Especial de Oftalmología, Sifilografía, Dermatología y Afecciones Urinarias _9221896 |
|
| 852 |
_aES-MaACL _jT-622-F-3 _z-- Enc. hol. _q-- Falto de la cub. original _z-- Enc. un vol. facticio |
||
| 999 |
_c158900 _d158900 |
||